000 00494nam a22001697a 4500
003 PILC
005 20150112093432.0
008 130220t xxu||||| |||| 00| 0 eng d
020 _a030431532x
050 _aTX 930
_b.P35 1984
082 _aHSF 647.94068
_b.P15 1984
100 _a Paige, Grace
_913016
245 _aThe Hotel receptionists /
_cGrace Paige, and Jane Paige
260 _aLondon
_bCassell Education
_c1984.
300 _a210 pages ::
_c24 cm.
_billustration ;
942 _2lcc
_cBK
999 _c14439
_d14439